00676nam a2200181Ia 4500003000900000008004100009040001600050080002000066100001900086245011200105260004900217300001700266650004100283650002400324942000700348999001500355952012400370IN-BaIIA211028s9999 xx 000 0 eng d cIIA Library a621.317.35bCZE aCzech, J97155 0aOscilloscope measuring techniquebprinciples and applications of modern cathode ray oscilloscopescJ. Czech aNetherlandsbPhilips Technical Libraryc1965 axviii, 620p. aAstronomy and Astrophysics Thesaurus aOscilloscopes97156 cBK c4059d4059 00104070aBANbKAVcGENd1972-11-23g123.45l0o621.317.35/ CZEp4531r2021-11-05v123.45w1972-11-23yBKGRs. 123.45